[Event "Remote Random-183 email"]
[Site "Remote email"]
[Date "2014.08.03"]
[Round "?"]
[White "Gottwald, Bernhard"]
[Black "Tortoza, Carlos Alberto"]
[Result "1-0"]
[WhiteElo "1854"]
[BlackElo "1632"]
[PlyCount "59"]
[EventDate "2014.??.??"]
[EventType "tourn (corr)"]
[EventRounds "8"]
[EventCountry "GER"]
[SourceTitle "Corr 2015"]
[Source "ChessBase"]
[SourceDate "2015.07.17"]
[SourceVersion "1"]
[SourceVersionDate "2015.07.17"]
[SourceQuality "1"]

1. e4 e5 2. Nf3 Nc6 3. Nc3 Nf6 4. Bb5 Bb4 5. 0-0 0-0 6. d3 d6 7. Bg5 Ne7 8. Nh4 c6 9. Bc4 d5 10. Bb3 Qd6 11. exd5 Bxc3 12. bxc3 cxd5 13. c4 d4 14. f4 Ng4 15. fxe5 Nxe5 16. Bxe7 Qxe7 17. Nf5 Bxf5 18. Rxf5 g6 19. Rf4 Rad8 20. Qf1 f5 21. h3 Qb4 22. Qe1 Qa3 23. c5+ Kg7 24. Qxe5+ Kh6 25. Rh4+ Kg5 26. Qe7+ Rf6 27. Rxh7 Qb2 28. h4+ Kg4 29. Rf1 Rdf8 30. Qe2+ 1-0

[Event "Remote S7E-171 email"]
[Site "Remote email"]
[Date "2014.08.01"]
[Round "?"]
[White "Gottwald, Bernhard"]
[Black "Schilling, Frank"]
[Result "0-1"]
[WhiteElo "1854"]
[BlackElo "2429"]
[PlyCount "40"]
[EventDate "2014.??.??"]
[EventType "tourn (corr)"]
[EventRounds "6"]
[EventCountry "GER"]
[SourceTitle "Corr 2015"]
[Source "ChessBase"]
[SourceDate "2015.07.17"]
[SourceVersion "1"]
[SourceVersionDate "2015.07.17"]
[SourceQuality "1"]

1. d4 Nf6 2. c4 e6 3. Nc3 Bb4 4. Nf3 c5 5. e3 0-0 6. Bd2 d5 7. cxd5 exd5 8. dxc5 Bxc5 9. Bd3 Re8 10. 0-0 Nc6 11. a3 Bg4 12. Be2 Qd7 13. Be1 d4 14. exd4 Bxf3 15. Bxf3 Nxd4 16. b4 Bb6 17. Na4 Nxf3+ 18. gxf3 Qh3 19. Nc5 Bc7 20. f4 Bxf4 0-1

[Event "Remote S7E-171 email"]
[Site "Remote email"]
[Date "2014.08.01"]
[Round "?"]
[White "Gottwald, Bernhard"]
[Black "Tortoza, Carlos Alberto"]
[Result "1-0"]
[WhiteElo "1854"]
[BlackElo "1632"]
[PlyCount "25"]
[EventDate "2014.??.??"]
[EventType "tourn (corr)"]
[EventRounds "6"]
[EventCountry "GER"]
[SourceTitle "Corr 2015"]
[Source "ChessBase"]
[SourceDate "2015.07.17"]
[SourceVersion "1"]
[SourceVersionDate "2015.07.17"]
[SourceQuality "1"]

1. d4 d5 2. c4 c6 3. Nc3 e6 4. Nf3 Be7 5. Bf4 Nf6 6. e3 0-0 7. Bd3 dxc4 8. Bxc4 b5 9. Bb3 a5 10. 0-0 Nbd7 11. Qd3 a4 12. Bc2 Nd5 13. Qxh7# 1-0

[Event "Remote S7E-171 email"]
[Site "Remote email"]
[Date "2014.08.01"]
[Round "?"]
[White "Wittig, Frank"]
[Black "Gottwald, Bernhard"]
[Result "1-0"]
[WhiteElo "2293"]
[BlackElo "1854"]
[PlyCount "65"]
[EventDate "2014.??.??"]
[EventType "tourn (corr)"]
[EventRounds "6"]
[EventCountry "GER"]
[SourceTitle "Corr 2015"]
[Source "ChessBase"]
[SourceDate "2015.07.17"]
[SourceVersion "1"]
[SourceVersionDate "2015.07.17"]
[SourceQuality "1"]

1. e4 d6 2. d4 Nf6 3. Nc3 c6 4. Nf3 Bg4 5. h3 Bh5 6. Be2 Nbd7 7. 0-0 e5 8. Be3 Be7 9. Nh4 Bg6 10. Nxg6 hxg6 11. a4 Qc7 12. a5 0-0 13. d5 a6 14. Re1 cxd5 15. exd5 Nc5 16. Ra2 Nfe4 17. Nxe4 Nxe4 18. Bb6 Qc8 19. Bg4 f5 20. Rxe4 fxg4 21. Rxg4 g5 22. Be3 Qd8 23. c4 Rc8 24. b4 Rf4 25. Bxf4 gxf4 26. Qd3 Bf6 27. g3 Qc7 28. Rc2 Qe7 29. c5 e4 30. Qe2 fxg3 31. cxd6 gxf2+ 32. Qxf2 Qe5 33. Rxc8+ 1-0

[Event "Remote S7E Basic-76 email"]
[Site "Remote email"]
[Date "2014.07.31"]
[Round "?"]
[White "Gottwald, Bernhard"]
[Black "Kahl, Karl Heinz"]
[Result "0-1"]
[WhiteElo "1854"]
[BlackElo "2194"]
[PlyCount "34"]
[EventDate "2014.??.??"]
[EventType "tourn (corr)"]
[EventRounds "6"]
[EventCountry "GER"]
[SourceTitle "Corr 2015"]
[Source "ChessBase"]
[SourceDate "2015.07.17"]
[SourceVersion "1"]
[SourceVersionDate "2015.07.17"]
[SourceQuality "1"]

1. d4 Nf6 2. c4 e6 3. Nc3 Bb4 4. Qc2 0-0 5. Nf3 c5 6. e3 Nc6 7. dxc5 Bxc5 8. Be2 d5 9. cxd5 exd5 10. 0-0 Nb4 11. Qb1 g6 12. Rd1 Bf5 13. e4 Nxe4 14. a3 Nxf2 15. axb4 Nxd1+ 16. bxc5 Nxc3 17. bxc3 Bxb1 0-1

[Event "Remote S7E Basic-76 email"]
[Site "Remote email"]
[Date "2014.07.31"]
[Round "?"]
[White "Mantau, Jan"]
[Black "Gottwald, Bernhard"]
[Result "1-0"]
[WhiteElo "2013"]
[BlackElo "1854"]
[PlyCount "37"]
[EventDate "2014.??.??"]
[EventType "tourn (corr)"]
[EventRounds "6"]
[EventCountry "GER"]
[SourceTitle "Corr 2015"]
[Source "ChessBase"]
[SourceDate "2015.07.17"]
[SourceVersion "1"]
[SourceVersionDate "2015.07.17"]
[SourceQuality "1"]

1. e4 d6 2. Nf3 Bg4 3. Bc4 e6 4. d4 c6 5. 0-0 d5 6. exd5 exd5 7. Re1+ Be7 8. Bd3 Nf6 9. Qe2 Be6 10. b3 0-0 11. Ng5 Ne4 12. Nxe6 fxe6 13. Bxe4 dxe4 14. Qxe4 Qd5 15. Qxe6+ Qxe6 16. Rxe6 Rf7 17. Ba3 Bf8 18. Re8 Rf6 19. Nd2 1-0

[Event "Remote Random-182 email"]
[Site "Remote email"]
[Date "2014.07.22"]
[Round "?"]
[White "Gottwald, Bernhard"]
[Black "Henkel, Phil"]
[Result "0-1"]
[WhiteElo "1854"]
[BlackElo "2034"]
[PlyCount "82"]
[EventDate "2014.??.??"]
[EventType "tourn (corr)"]
[EventRounds "12"]
[EventCountry "GER"]
[SourceTitle "Corr 2015"]
[Source "ChessBase"]
[SourceDate "2015.07.17"]
[SourceVersion "1"]
[SourceVersionDate "2015.07.17"]
[SourceQuality "1"]

1. d4 d5 2. c4 e6 3. Nc3 Nf6 4. Bg5 Be7 5. e3 0-0 6. Nf3 h6 7. Bxf6 Bxf6 8. Rc1 c6 9. Bd3 Nd7 10. 0-0 dxc4 11. Bxc4 e5 12. dxe5 Nxe5 13. Nxe5 Bxe5 14. Qb3 Qh4 15. g3 Qf6 16. Ne4 Qf3 17. Nd2 Qh5 18. Rfd1 Bg4 19. f3 Bxf3 20. Nxf3 Qxf3 21. Rf1 Qe4 22. Bxf7+ Kh8 23. Bh5 b6 24. Qa3 c5 25. Rcd1 Rad8 26. Qb3 Rxd1 27. Rxd1 Qf5 28. Qd3 Qxh5 29. Rf1 Rxf1+ 30. Qxf1 Kh7 31. Kg2 Qg6 32. Qf2 Qe4+ 33. Kg1 Qb1+ 34. Kg2 Qxb2 35. Qxb2 Bxb2 36. Kf3 Kg6 37. Kf4 c4 38. Ke4 b5 39. h3 a5 40. h4 b4 41. g4 a4 0-1

[Event "Remote Random-182 email"]
[Site "Remote email"]
[Date "2014.07.22"]
[Round "?"]
[White "Gottwald, Bernhard"]
[Black "Langschmidt, Dirk"]
[Result "0-1"]
[WhiteElo "1854"]
[BlackElo "1960"]
[PlyCount "62"]
[EventDate "2014.??.??"]
[EventType "tourn (corr)"]
[EventRounds "12"]
[EventCountry "GER"]
[SourceTitle "Corr 2015"]
[Source "ChessBase"]
[SourceDate "2015.07.17"]
[SourceVersion "1"]
[SourceVersionDate "2015.07.17"]
[SourceQuality "1"]

1. d4 d5 2. c4 e6 3. Nc3 Nf6 4. Bg5 Be7 5. e3 0-0 6. Nf3 h6 7. Bxf6 Bxf6 8. Rc1 c6 9. Bd3 Nd7 10. 0-0 dxc4 11. Bxc4 e5 12. dxe5 Nxe5 13. Nxe5 Bxe5 14. f4 Bc7 15. Qb3 Qe7 16. e4 b5 17. Bd3 a6 18. e5 Be6 19. Qc2 c5 20. f5 Bd7 21. Rce1 Bxe5 22. Nd5 Qd6 23. Be4 Rae8 24. g3 Bc6 25. Rd1 Bd4+ 26. Kg2 Bxd5 27. Rfe1 Rxe4 28. Rxe4 Re8 29. Rde1 Qc6 30. Kf3 Rxe4 31. Rxe4 Bxe4+ 0-1

[Event "Remote Random-182 email"]
[Site "Remote email"]
[Date "2014.07.22"]
[Round "?"]
[White "Witt, Monika"]
[Black "Gottwald, Bernhard"]
[Result "0-1"]
[WhiteElo "1390"]
[BlackElo "1854"]
[PlyCount "82"]
[EventDate "2014.??.??"]
[EventType "tourn (corr)"]
[EventRounds "12"]
[EventCountry "GER"]
[SourceTitle "Corr 2015"]
[Source "ChessBase"]
[SourceDate "2015.07.17"]
[SourceVersion "1"]
[SourceVersionDate "2015.07.17"]
[SourceQuality "1"]

1. d4 d5 2. c4 e6 3. Nc3 Nf6 4. Bg5 Be7 5. e3 0-0 6. Nf3 h6 7. Bxf6 Bxf6 8. Rc1 c6 9. Bd3 Nd7 10. 0-0 dxc4 11. Bxc4 c5 12. Nb5 Nb6 13. Bd3 Bd7 14. Rxc5 Bxb5 15. Bxb5 a6 16. Bd3 Nd7 17. Rc3 Re8 18. h4 Bxh4 19. Nxh4 Qxh4 20. Qc2 Nf6 21. Bh7+ Nxh7 22. e4 Nf6 23. Rh3 Qxe4 24. Qd3 Qxd3 25. Rxd3 Rad8 26. Re1 Rd5 27. f3 Red8 28. g4 Rxd4 29. Rb3 b5 30. Kf2 Nd5 31. a4 Rxa4 32. Kg3 g5 33. Rd3 Rc4 34. b3 Rc3 35. Rd4 Rxb3 36. Re5 Rc8 37. Rde4 Nf4 38. Re1 Rb2 39. Rg1 Ne2+ 40. Kf2 Nxg1+ 41. Kg3 Rcc2 0-1

[Event "Remote S7E-170 email"]
[Site "Remote email"]
[Date "2014.07.07"]
[Round "?"]
[White "Gottwald, Bernhard"]
[Black "Pieleck, Rudolf"]
[Result "1-0"]
[WhiteElo "1854"]
[BlackElo "1583"]
[PlyCount "77"]
[EventDate "2014.??.??"]
[EventType "tourn (corr)"]
[EventRounds "6"]
[EventCountry "GER"]
[SourceTitle "Corr 2015"]
[Source "ChessBase"]
[SourceDate "2015.07.17"]
[SourceVersion "1"]
[SourceVersionDate "2015.07.17"]
[SourceQuality "1"]

1. d4 d5 2. c4 e6 3. Nc3 Bb4 4. Qc2 Ne7 5. e3 0-0 6. Bd3 Ng6 7. Nf3 f5 8. 0-0 Nc6 9. cxd5 exd5 10. a3 Be7 11. b4 b6 12. Bb2 a5 13. b5 Na7 14. Rac1 Bd7 15. a4 c5 16. Nxd5 Be6 17. Nxe7+ Nxe7 18. dxc5 bxc5 19. Qxc5 Qc8 20. Qxe7 Qd7 21. Qxe6+ Qxe6 22. Bc4 Qxc4 23. Rxc4 Rac8 24. Rfc1 Rxc4 25. Rxc4 Nc8 26. Rc6 Ne7 27. Ra6 Nd5 28. Rxa5 Nb4 29. Ra7 Nd3 30. Ba3 Rd8 31. h4 h6 32. Nd4 g6 33. b6 Ne5 34. b7 Nd7 35. Ra8 Nb8 36. a5 Kf7 37. a6 Rd7 38. a7 Rxb7 39. axb8Q 1-0

[Event "Remote S7E Easy-194 email"]
[Site "Remote email"]
[Date "2014.07.01"]
[Round "?"]
[White "Gottwald, Bernhard"]
[Black "Henkel, Phil"]
[Result "1-0"]
[WhiteElo "1854"]
[BlackElo "2034"]
[PlyCount "49"]
[EventDate "2014.??.??"]
[EventType "tourn (corr)"]
[EventRounds "6"]
[EventCountry "GER"]
[SourceTitle "Corr 2015"]
[Source "ChessBase"]
[SourceDate "2015.07.17"]
[SourceVersion "1"]
[SourceVersionDate "2015.07.17"]
[SourceQuality "1"]

1. d4 Nf6 2. c4 e6 3. Bd2 Be7 4. Nf3 0-0 5. Nc3 c5 6. e3 cxd4 7. exd4 d5 8. Bd3 Nc6 9. 0-0 dxc4 10. Bxc4 Nxd4 11. Nxd4 Qxd4 12. Qe2 Qg4 13. f3 Bc5+ 14. Kh1 Qh5 15. Ne4 Nxe4 16. Qxe4 Bd6 17. f4 Rb8 18. Rf3 Qf5 19. Qe2 b5 20. Bd3 Qd5 21. Be4 Qh5 22. Qd3 Qc5 23. Bxh7+ Kh8 24. Rh3 e5 25. Bg8+ 1-0

[Event "Remote S7E Easy-194 email"]
[Site "Remote email"]
[Date "2014.07.01"]
[Round "?"]
[White "Gottwald, Bernhard"]
[Black "Tortoza, Carlos Alberto"]
[Result "1-0"]
[WhiteElo "1854"]
[BlackElo "1632"]
[PlyCount "121"]
[EventDate "2014.??.??"]
[EventType "tourn (corr)"]
[EventRounds "6"]
[EventCountry "GER"]
[SourceTitle "Corr 2015"]
[Source "ChessBase"]
[SourceDate "2015.07.17"]
[SourceVersion "1"]
[SourceVersionDate "2015.07.17"]
[SourceQuality "1"]

1. d4 d5 2. c4 c6 3. Nf3 Bf5 4. e3 Nf6 5. Nc3 e6 6. Be2 Be7 7. 0-0 0-0 8. b3 Nbd7 9. Bb2 Bd6 10. Rc1 Re8 11. Qd2 Ne4 12. Nxe4 dxe4 13. Ne5 f6 14. Nxd7 Qxd7 15. Rfd1 a5 16. c5 Bc7 17. Bc4 Kh8 18. f3 exf3 19. gxf3 Bh3 20. e4 Qf7 21. f4 Qg6+ 22. Kf2 Qg2+ 23. Ke3 Qg4 24. Qf2 Rad8 25. Rg1 Qh5 26. Rg3 Bg4 27. Rcg1 Rd7 28. Rxg4 Qh6 29. Rh4 Bxf4+ 30. Rxf4 Rf7 31. Kd3 Kg8 32. Rh4 Qg5 33. Rxg5 fxg5 34. Qg3 gxh4 35. Qg4 Rfe7 36. Bc1 g5 37. Bxg5 Rg7 38. Bxe6+ Kh8 39. Bf6 Ree7 40. Bxe7 Rxg4 41. Bxg4 Kg7 42. e5 Kg6 43. Bxh4 h5 44. Be6 Kg7 45. Ke4 Kg6 46. Bf5+ Kg7 47. Bf6+ Kf8 48. Be6 Ke8 49. Bc8 h4 50. Bxb7 h3 51. Bxc6+ Kf7 52. Bd5+ Ke8 53. e6 a4 54. Bc6+ Kf8 55. d5 axb3 56. axb3 Kg8 57. d6 Kh7 58. d7 Kg6 59. d8Q Kh7 60. Qh8+ Kg6 61. Be8# 1-0

[Event "Remote S7E Easy-194 email"]
[Site "Remote email"]
[Date "2014.07.01"]
[Round "?"]
[White "Herrmann, Tim"]
[Black "Gottwald, Bernhard"]
[Result "1-0"]
[WhiteElo "1843"]
[BlackElo "1854"]
[PlyCount "47"]
[EventDate "2014.??.??"]
[EventType "tourn (corr)"]
[EventRounds "6"]
[EventCountry "GER"]
[SourceTitle "Corr 2015"]
[Source "ChessBase"]
[SourceDate "2015.07.17"]
[SourceVersion "1"]
[SourceVersionDate "2015.07.17"]
[SourceQuality "1"]

1. e4 d6 2. d4 Nf6 3. Nc3 c6 4. g3 Bg4 5. Nge2 Nbd7 6. Bg2 e5 7. h3 Bxe2 8. Nxe2 Qc7 9. 0-0 0-0-0 10. c3 Be7 11. Be3 Nb6 12. Qb3 Rhf8 13. a4 d5 14. dxe5 Nxe4 15. Bxe4 dxe4 16. a5 Nd5 17. Bxa7 Rd7 18. Ra4 Bd8 19. Bb6 Nxb6 20. axb6 Qb8 21. Rfa1 Rd5 22. Ra8 Qxa8 23. Rxa8+ Kd7 24. Rb8 1-0

[Event "Remote No Engine Nah2-18 email"]
[Site "Remote email"]
[Date "2014.06.28"]
[Round "?"]
[White "Gottwald, Bernhard"]
[Black "Tortoza, Carlos Alberto"]
[Result "1-0"]
[WhiteElo "1854"]
[BlackElo "1632"]
[PlyCount "45"]
[EventDate "2014.??.??"]
[EventType "tourn (corr)"]
[EventRounds "6"]
[EventCountry "GER"]
[SourceTitle "Corr 2015"]
[Source "ChessBase"]
[SourceDate "2015.07.17"]
[SourceVersion "1"]
[SourceVersionDate "2015.07.17"]
[SourceQuality "1"]

1. d4 d5 2. c4 c6 3. cxd5 cxd5 4. Nc3 e6 5. Bf4 Nf6 6. Nf3 Bb4 7. Qa4+ Nc6 8. Ne5 Qb6 9. Nxc6 Qxc6 10. Qxb4 b6 11. Rc1 Qd7 12. e3 Ne4 13. Nxe4 dxe4 14. Bb5 Qxb5 15. Qxb5+ Bd7 16. Qe5 f6 17. Qh5+ g6 18. Qh6 Kf7 19. Rc7 Rad8 20. 0-0 f5 21. Be5 Rhg8 22. Qxh7+ Kf8 23. Bd6+ 1-0

[Event "Remote S7E-169 email"]
[Site "Remote email"]
[Date "2014.06.25"]
[Round "?"]
[White "Cabrera Trujillo, Claudio Tomas"]
[Black "Gottwald, Bernhard"]
[Result "1-0"]
[WhiteElo "1882"]
[BlackElo "1854"]
[PlyCount "73"]
[EventDate "2014.??.??"]
[EventType "tourn (corr)"]
[EventRounds "6"]
[EventCountry "GER"]
[SourceTitle "Corr 2015"]
[Source "ChessBase"]
[SourceDate "2015.07.17"]
[SourceVersion "1"]
[SourceVersionDate "2015.07.17"]
[SourceQuality "1"]

1. c4 d5 2. cxd5 Qxd5 3. Nc3 Qa5 4. Nf3 e6 5. d4 Nf6 6. Bd2 Bb4 7. a3 Bxc3 8. Bxc3 Qh5 9. e3 0-0 10. Be2 Nbd7 11. 0-0 c5 12. dxc5 Nxc5 13. Bxf6 gxf6 14. Nd4 Qg6 15. Bf3 e5 16. Nb5 e4 17. Be2 Bh3 18. g3 Bxf1 19. Bxf1 Nd3 20. Nd4 Rad8 21. Qb3 Ne5 22. Bg2 f5 23. Qxb7 Qh5 24. Qxa7 Rxd4 25. Qxd4 Nf3+ 26. Bxf3 exf3 27. Qd1 f4 28. exf4 Re8 29. b4 Re2 30. a4 Qg4 31. a5 Qe6 32. a6 Qe8 33. a7 Qa8 34. b5 Rb2 35. Qd7 Kg7 36. Qc6 Qe8 37. Qxe8 1-0

[Event "Remote S7E-169 email"]
[Site "Remote email"]
[Date "2014.06.25"]
[Round "?"]
[White "Gottwald, Bernhard"]
[Black "Spieler, Freakie"]
[Result "0-1"]
[WhiteElo "1854"]
[BlackElo "2238"]
[PlyCount "40"]
[EventDate "2014.??.??"]
[EventType "tourn (corr)"]
[EventRounds "6"]
[EventCountry "GER"]
[SourceTitle "Corr 2015"]
[Source "ChessBase"]
[SourceDate "2015.07.17"]
[SourceVersion "1"]
[SourceVersionDate "2015.07.17"]
[SourceQuality "1"]

1. d4 d5 2. c4 Nf6 3. cxd5 Qxd5 4. Nc3 Qa5 5. Bd2 c6 6. e4 e5 7. Nf3 exd4 8. Nxd4 Qb6 9. Nb3 Be6 10. Na4 Qc7 11. Nd4 Nxe4 12. Nxe6 fxe6 13. Bd3 Nxd2 14. Qxd2 Nd7 15. 0-0 Bd6 16. g3 0-0-0 17. b4 Kb8 18. Rfc1 Bxg3 19. hxg3 Ne5 20. Nc5 Nf3+ 0-1

[Event "Remote S7E Easy-192 email"]
[Site "Remote email"]
[Date "2014.05.31"]
[Round "?"]
[White "Fischer, Juergen"]
[Black "Gottwald, Bernhard"]
[Result "0-1"]
[WhiteElo "1736"]
[BlackElo "1854"]
[PlyCount "90"]
[EventDate "2014.??.??"]
[EventType "tourn (corr)"]
[EventRounds "6"]
[EventCountry "GER"]
[SourceTitle "Corr 2015"]
[Source "ChessBase"]
[SourceDate "2015.07.17"]
[SourceVersion "1"]
[SourceVersionDate "2015.07.17"]
[SourceQuality "1"]

1. d4 Nf6 2. c4 e6 3. Nc3 Bb4 4. Bd2 c5 5. Nf3 Nc6 6. e3 0-0 7. Qc2 d5 8. Bd3 dxc4 9. Bxc4 cxd4 10. exd4 Nxd4 11. Qd3 e5 12. Nxd4 exd4 13. Ne2 Bxd2+ 14. Qxd2 Bg4 15. 0-0 Bxe2 16. Bxe2 Ne4 17. Qd3 Re8 18. Rfe1 Nc5 19. Qc4 Rc8 20. Bd3 Nxd3 21. Rxe8+ Qxe8 22. Qxd3 Qe5 23. g3 h6 24. Kf1 Kf8 25. Re1 Qc5 26. Qa3 Qxa3 27. bxa3 Rc2 28. Rd1 Rxa2 29. Rxd4 Rxa3 30. Rd8+ Ke7 31. Rb8 Rb3 32. Rc8 a5 33. Ke2 a4 34. Ra8 a3 35. Kd1 b5 36. Ra7+ Kf6 37. Kc2 Rb2+ 38. Kc3 b4+ 39. Kc4 a2 40. Ra4 b3 41. Kc3 Rb1 42. f4 a1Q+ 43. Rxa1 Rxa1 44. Kxb3 Rh1 45. h4 Rh3 0-1

[Event "Remote S7E-167 email"]
[Site "Remote email"]
[Date "2014.05.16"]
[Round "?"]
[White "Herrmann, Tim"]
[Black "Gottwald, Bernhard"]
[Result "1-0"]
[WhiteElo "1843"]
[BlackElo "1854"]
[PlyCount "91"]
[EventDate "2014.??.??"]
[EventType "tourn (corr)"]
[EventRounds "6"]
[EventCountry "GER"]
[SourceTitle "Corr 2015"]
[Source "ChessBase"]
[SourceDate "2015.07.17"]
[SourceVersion "1"]
[SourceVersionDate "2015.07.17"]
[SourceQuality "1"]

1. d4 Nf6 2. c4 e6 3. Nc3 Bb4 4. Qc2 c5 5. dxc5 Na6 6. Nf3 0-0 7. Bd2 Bxc5 8. a3 d5 9. cxd5 exd5 10. e3 d4 11. Nxd4 Bxd4 12. exd4 Re8+ 13. Be2 Bg4 14. Be3 Qd7 15. Bxg4 Nxg4 16. 0-0-0 Nxe3 17. fxe3 Rxe3 18. Qf2 Rae8 19. Rhe1 R3e6 20. Rxe6 Qxe6 21. Rd2 Nc7 22. Re2 Qh6+ 23. Kd1 Qh5 24. h3 h6 25. Ke1 Rxe2+ 26. Qxe2 Qxe2+ 27. Kxe2 Ne6 28. Ke3 Kf8 29. d5 Nc5 30. Kd4 Nb3+ 31. Ke5 Ke8 32. Nb5 a6 33. Nd6+ Ke7 34. Nxb7 Nc1 35. Nc5 f6+ 36. Ke4 g6 37. Nxa6 Nb3 38. Nb4 Nd2+ 39. Kd4 Kd6 40. a4 Nb3+ 41. Kc4 Na5+ 42. Kb5 Nb3 43. a5 Nxa5 44. Kxa5 Kc5 45. Nc6 Kxd5 46. Ne7+ 1-0

[Event "Remote No Engine Nah2-16 email"]
[Site "Remote email"]
[Date "2014.05.12"]
[Round "?"]
[White "Guelker, Lorenz"]
[Black "Gottwald, Bernhard"]
[Result "1-0"]
[WhiteElo "2000"]
[BlackElo "1854"]
[PlyCount "83"]
[EventDate "2014.??.??"]
[EventType "tourn (corr)"]
[EventRounds "6"]
[EventCountry "GER"]
[SourceTitle "Corr 2015"]
[Source "ChessBase"]
[SourceDate "2015.07.17"]
[SourceVersion "1"]
[SourceVersionDate "2015.07.17"]
[SourceQuality "1"]

1. d4 Nf6 2. Nc3 d5 3. Nf3 Bf5 4. e3 e6 5. Bd3 Bb4 6. Bd2 0-0 7. 0-0 c5 8. dxc5 Bxc3 9. Bxc3 Nbd7 10. Bb4 Re8 11. Bxf5 exf5 12. Bc3 Nxc5 13. Qd4 Ne6 14. Qb4 b6 15. Bxf6 Qxf6 16. Nd4 Nc5 17. Nb5 Re7 18. Rfd1 Rd8 19. Rd2 Qe5 20. Re1 Rde8 21. Rde2 Ne6 22. Nd6 Rd8 23. Nxf5 Ree8 24. Nd4 Nxd4 25. Qxd4 Qxd4 26. exd4 Kf8 27. b3 Rc8 28. h3 g6 29. g3 h5 30. h4 Rcd8 31. Rxe8+ Rxe8 32. Rxe8+ Kxe8 33. c4 Kd7 34. Kg2 Kd6 35. Kf3 f6 36. g4 hxg4+ 37. Kxg4 Ke6 38. f4 a6 39. f5+ Kf7 40. fxg6+ Kxg6 41. h5+ Kh6 42. cxd5 1-0

[Event "Remote S5E No Engine email"]
[Site "Remote email"]
[Date "2014.05.12"]
[Round "?"]
[White "Pirs, Matjaz"]
[Black "Gottwald, Bernhard"]
[Result "1-0"]
[WhiteElo "2506"]
[BlackElo "1795"]
[PlyCount "93"]
[EventDate "2014.??.??"]
[EventType "tourn (corr)"]
[EventRounds "6"]
[EventCountry "GER"]
[SourceTitle "Corr 2015"]
[Source "ChessBase"]
[SourceDate "2015.07.17"]
[SourceVersion "1"]
[SourceVersionDate "2015.07.17"]
[SourceQuality "1"]

1. e4 d6 2. d4 Nf6 3. Nc3 c6 4. f4 e5 5. dxe5 dxe5 6. Qxd8+ Kxd8 7. fxe5 Ng4 8. Nf3 Bc5 9. Nd1 Nd7 10. Bf4 Re8 11. Bc4 Ndxe5 12. Bd3 Nxd3+ 13. cxd3 f5 14. e5 Be6 15. h3 Nh6 16. d4 Bb4+ 17. Kf2 Nf7 18. a3 Ba5 19. b4 Bb6 20. Ne3 Bd5 21. Nxd5 cxd5 22. Rhc1 h6 23. h4 g6 24. a4 a5 25. b5 Rc8 26. Rxc8+ Kxc8 27. Rc1+ Kd8 28. Ke3 Kd7 29. Kd3 Ke6 30. Bd2 Rg8 31. Ng1 g5 32. Ne2 Kd7 33. Rf1 Ke6 34. g4 f4 35. Bxf4 Bd8 36. Be3 Bc7 37. Rf6+ Ke7 38. hxg5 Nxg5 39. Rxh6 Nf3 40. Nf4 Bxe5 41. dxe5 Nxe5+ 42. Kd4 Nxg4 43. Nxd5+ Kf7 44. Rh7+ Kf8 45. Rxb7 Nxe3 46. Nxe3 Rg3 47. Ra7 1-0

[Event "Remote No Engine Nah2-16 email"]
[Site "Remote email"]
[Date "2014.05.12"]
[Round "?"]
[White "Witt, Monika"]
[Black "Gottwald, Bernhard"]
[Result "0-1"]
[WhiteElo "1476"]
[BlackElo "1795"]
[PlyCount "50"]
[EventDate "2014.??.??"]
[EventType "tourn (corr)"]
[EventRounds "6"]
[EventCountry "GER"]
[SourceTitle "Corr 2015"]
[Source "ChessBase"]
[SourceDate "2015.07.17"]
[SourceVersion "1"]
[SourceVersionDate "2015.07.17"]
[SourceQuality "1"]

1. e4 c5 2. Bc4 e6 3. Nf3 Nc6 4. a3 d5 5. exd5 exd5 6. Qe2+ Be7 7. Bb5 Bd7 8. h3 Nf6 9. 0-0 0-0 10. d3 Re8 11. Bf4 Bd6 12. Be5 Nxe5 13. Nxe5 Bxe5 14. c3 Bxb5 15. a4 Bh2+ 16. Kxh2 Rxe2 17. axb5 Qe7 18. b3 Qe5+ 19. g3 Qe3 20. Kg1 Qxd3 21. Na3 Ne4 22. Rad1 Nd2 23. c4 Nf3+ 24. Kg2 Qe4 25. cxd5 Nh4+ 0-1

[Event "Remote S7E Basic-75 email"]
[Site "Remote email"]
[Date "2014.04.11"]
[Round "?"]
[White "Gottwald, Bernhard"]
[Black "Biskopp, Wolf Ulrich"]
[Result "0-1"]
[WhiteElo "1795"]
[BlackElo "2532"]
[PlyCount "48"]
[EventDate "2014.??.??"]
[EventType "tourn (corr)"]
[EventRounds "6"]
[EventCountry "GER"]
[SourceTitle "Corr 2015"]
[Source "ChessBase"]
[SourceDate "2015.07.17"]
[SourceVersion "1"]
[SourceVersionDate "2015.07.17"]
[SourceQuality "1"]

1. d4 Nf6 2. c4 c5 3. Nf3 e6 4. e3 d5 5. cxd5 exd5 6. Nc3 Nc6 7. Bb5 a6 8. Bxc6+ bxc6 9. 0-0 Bf5 10. Qa4 Rc8 11. Ne5 Qc7 12. f3 Bd6 13. f4 0-0 14. b3 cxd4 15. exd4 Qb6 16. Bb2 Nh5 17. h3 f6 18. g4 fxe5 19. fxe5 Bxe5 20. Rxf5 Bh2+ 21. Kxh2 Rxf5 22. gxf5 Qc7+ 23. Kh1 Re8 24. Nxd5 Qg3 0-1

[Event "Remote S7E Basic-75 email"]
[Site "Remote email"]
[Date "2014.04.11"]
[Round "?"]
[White "Grimm, Wolfgang"]
[Black "Gottwald, Bernhard"]
[Result "1-0"]
[WhiteElo "2006"]
[BlackElo "1854"]
[PlyCount "65"]
[EventDate "2014.??.??"]
[EventType "tourn (corr)"]
[EventRounds "6"]
[EventCountry "GER"]
[SourceTitle "Corr 2015"]
[Source "ChessBase"]
[SourceDate "2015.07.17"]
[SourceVersion "1"]
[SourceVersionDate "2015.07.17"]
[SourceQuality "1"]

1. c4 d5 2. cxd5 Nf6 3. e4 c6 4. dxc6 Nxc6 5. Nc3 e5 6. Nf3 Be6 7. Bb5 Qc7 8. d4 exd4 9. Nxd4 Bb4 10. Bxc6+ bxc6 11. Nxe6 fxe6 12. Qd4 c5 13. Qe3 0-0 14. 0-0 Qe5 15. f4 Qd4 16. Nb5 Qxe4 17. Qxe4 Nxe4 18. Nc7 Rac8 19. Nxe6 Rf6 20. f5 Rc6 21. g4 c4 22. g5 Rfxe6 23. fxe6 Rxe6 24. Bf4 Rg6 25. h4 h6 26. Rac1 hxg5 27. hxg5 Nxg5 28. Rxc4 Ne4+ 29. Kh1 Nd2 30. Rc8+ Kh7 31. Rf2 Rf6 32. Rh2+ Kg6 33. Bxd2 1-0